Implicit social preferences in the Norwegian system of indirect taxation (Registro nro. 25850)

Detalles MARC
000 -LEADER
fixed length control field 00401 a2200121 4500
001 - CONTROL NUMBER
control field ART_11804
005 - DATE AND TIME OF LATEST TRANSACTION
control field 20260410161900.0
008 - FIXED-LENGTH DATA ELEMENTS--GENERAL INFORMATION
fixed length control field 260409a
100 1# - MAIN ENTRY--PERSONAL NAME
Personal name Christiansen, Vidar
245 10 - TITLE STATEMENT
Title Implicit social preferences in the Norwegian system of indirect taxation
700 1# - ADDED ENTRY--PERSONAL NAME
Personal name Jansen, Eilev S.
773 0# - HOST ITEM ENTRY
Title Journal of public economics
Related parts - Vol. 10, Nº 2 (oct. 1978)
Record control number REV11485

No hay ítems disponibles.